000 00336nam a2200133Ia 4500
008 100328s9999 xx 000 0 und d
082 _b55465
100 _aGupta Rupa
245 _aTales From Indian Mythology
260 _bHemkant
630 _aTales From Indian Mythology
730 _aTales From Indian Mythology
942 _cBOOK
999 _c542157
_d542154